Rol´sovremennych meždunarodnych monopolij v processe internacionalizacii kapitala i proizvodstva.

Uložené v:
Podrobná bibliografia
Hlavný autor: Čibrikov, Georgij Georgijevič
Médium: Kniha
Jazyk:Russian
Vydané: Moskva : Izdatel´stvo Moskovskogo universiteta, 1979.
Fyzický popis: 171 strán.
Tagy: Pridať tag
Žiadne tagy, Buďte prvý kto otaguje tento záznam!

MARC

LEADER 00000nam a22000002i 4500
001 000633708
005 20200420100238.0
008 200420s1979 ru e 000 0 rus d
020 |c Kčs 15,50  |q (brožované) 
040 |a SVKKK  |b slo  |c SVKKK  |e rda 
100 1 |a Čibrikov, Georgij Georgijevič 
245 1 0 |a Rol´sovremennych meždunarodnych monopolij v processe internacionalizacii kapitala i proizvodstva. 
264 1 |a Moskva :  |b Izdatel´stvo Moskovskogo universiteta,  |c 1979. 
300 |a 171 strán. 
336 |a text  |b txt  |2 rdacontent 
337 |a bez média  |b n  |2 rdamedia 
338 |a zväzok  |b nc  |2 rdacarrier 
500 |a Záznam revízie 
910 |a svkkk 
998 |a BK 
090 |g SCKHL  |k Sklad Pribinova 2. posch.  |a III.116616  |j 611651  |i 2720728464  |4 Zastaraná  |s Vyradená